[Event "4NCL/Div4/GREN vs. NOTT"]
[Site "West Bromwich ENG"]
[Date "2004.01.25"]
[Round "4.2"]
[White "Webster, Richard J"]
[Black "Osborne, David"]
[Result "0-1"]
[WhiteElo "2031"]
[BlackElo "1864"]
[PlyCount "58"]
[EventDate "2004.01.25"]

1. d4 d5 2. c4 c6 3. e3 a6 4. Nf3 Nf6 5. Nc3 Bf5 6. Bd3 Bxd3 7. Qxd3 e6 8. O-O
b5 9. cxd5 cxd5 10. Ne5 Bd6 11. f4 g6 12. Bd2 O-O 13. a3 Nbd7 14. Be1 Bxe5 15.
fxe5 Nh5 16. Rf3 Nb6 17. Ne2 Qd7 18. Bh4 Rac8 19. Nf4 Nxf4 20. exf4 Qc6 21. Rh3
Qc2 22. Qg3 Qxb2 23. Re1 Rc1 24. Qg5 Qxd4+ 25. Kf1 Qc4+ 26. Kg1 Rc8 27. Qh6 Qe2
28. Qxh7+ Kxh7 29. Bf6+ Qh5 0-1

[Event "4NCL/Div4/GREN vs. NOTT"]
[Site "West Bromwich ENG"]
[Date "2004.01.25"]
[Round "4.3"]
[White "Eggington, David C"]
[Black "Greenidge, Nathali"]
[Result "1/2-1/2"]
[WhiteElo "1912"]
[BlackElo "2026"]
[PlyCount "49"]
[EventDate "2004.01.25"]

1. c4 e5 2. g3 Nf6 3. Bg2 d5 4. cxd5 Nxd5 5. Nc3 Be6 6. Nf3 Nc6 7. Qa4 Nb6 8.
Qc2 Be7 9. O-O O-O 10. d3 Qd7 11. Ne4 Bh3 12. Be3 Bxg2 13. Kxg2 Nd5 14. Bc5
Rfe8 15. Rac1 Qg4 16. e3 Rad8 17. Rfd1 Ndb4 18. Qc4 Qg6 19. Rd2 Na6 20. a3 Nxc5
21. Nxc5 Bxc5 22. Nh4 Qd6 23. Qxc5 Qxc5 24. Rxc5 Rd7 25. Kf1 1/2-1/2

[Event "4NCL/Div4/GREN vs. NOTT"]
[Site "West Bromwich ENG"]
[Date "2004.01.25"]
[Round "4.4"]
[White "Therrien, Alex L"]
[Black "Furnevall, Mark"]
[Result "1-0"]
[WhiteElo "1920"]
[BlackElo "1736"]
[PlyCount "35"]
[EventDate "2004.01.25"]

1. e4 c5 2. Nf3 Nc6 3. d4 cxd4 4. Nxd4 Qb6 5. Nb3 Nf6 6. Nc3 e6 7. Be3 Qc7 8.
f4 d6 9. Be2 a6 10. Bf3 Be7 11. Qd2 O-O 12. O-O-O Bd7 13. g4 b5 14. g5 Ne8 15.
Qf2 Na5 16. Nxa5 Qxa5 17. Bb6 Qb4 18. Rd4 1-0

[Event "4NCL/Div4/GREN vs. NOTT"]
[Site "West Bromwich ENG"]
[Date "2004.01.25"]
[Round "4.5"]
[White "Butterworth, Paul"]
[Black "Truman, Richard G"]
[Result "0-1"]
[WhiteElo "1608"]
[BlackElo "1938"]
[PlyCount "86"]
[EventDate "2004.01.25"]

1. d4 Nf6 2. c4 g6 3. Nc3 d5 4. cxd5 Nxd5 5. e4 Nxc3 6. bxc3 Bg7 7. Bc4 c5 8.
Ne2 O-O 9. Be3 Nc6 10. O-O Bg4 11. f3 Na5 12. Bd3 cxd4 13. cxd4 Be6 14. Qa4 Bd7
15. Qb4 Nc6 16. Qb3 Be6 17. Qxb7 Nxd4 18. Rad1 Bxa2 19. Nc3 Bb3 20. Rb1 Rb8 21.
Qa6 Qc8 22. Nd5 Bxd5 23. exd5 Qxa6 24. Bxa6 Rfd8 25. Rxb8 Rxb8 26. Rc1 h5 27.
Rc8+ Rxc8 28. Bxc8 a5 29. Bd7 e6 30. d6 Nf5 31. Bc5 Bd4+ 32. Bxd4 Nxd4 33. Ba4
Kf8 34. Kf2 Nf5 35. d7 Ke7 36. g3 Nd6 37. Ke3 Nc4+ 38. Kd4 Nb6 39. Bc6 Nxd7 40.
Kc3 Ne5 41. Bb7 Kd6 42. Kd4 Kc7 43. Be4 f5 0-1

[Event "4NCL/Div4/GREN vs. NOTT"]
[Site "West Bromwich ENG"]
[Date "2004.01.25"]
[Round "4.6"]
[White "Burke, Steven J"]
[Black "Knowles, James"]
[Result "1-0"]
[WhiteElo "1824"]
[BlackElo "1624"]
[PlyCount "77"]
[EventDate "2004.01.25"]

1. Nf3 Nc6 2. d4 d5 3. e3 Nf6 4. Be2 Bf5 5. a3 e6 6. b3 Be7 7. Bb2 Ne4 8. O-O
O-O 9. Nbd2 Bd6 10. Ne5 f6 11. Nxc6 bxc6 12. b4 Nxd2 13. Qxd2 Qe8 14. Bd3 Qh5
15. f4 Rae8 16. Bxf5 exf5 17. Rae1 Qf7 18. Qd3 Re4 19. Bc1 Qd7 20. Qa6 Ra8 21.
Bd2 Qe8 22. c4 Rb8 23. c5 Bf8 24. Rb1 h6 25. a4 g5 26. g3 Rxe3 27. Bxe3 Qxe3+
28. Rf2 Qxd4 29. Re1 Qxb4 30. Rfe2 Qxc5+ 31. Kh1 d4 32. Qd3 Qd5+ 33. Kg1 Rb3
34. Qd1 Bc5 35. Re8+ Kf7 36. Qh5+ Kg7 37. R1e7+ Bxe7 38. Rxe7+ Kh8 39. Qxh6+
1-0

[Event "4NCL/Div4/PONTY vs. MET"]
[Site "West Bromwich ENG"]
[Date "2004.01.25"]
[Round "4.1"]
[White "Saunders, W Nigel"]
[Black "Noden, Nicolas"]
[Result "1/2-1/2"]
[WhiteElo "2104"]
[BlackElo "2176"]
[PlyCount "102"]
[EventDate "2004.01.25"]

1. Nf3 d6 2. c4 e5 3. g3 f5 4. Bg2 Be7 5. Nc3 Nf6 6. d3 O-O 7. Qb3 Kh8 8. Bd2
c6 9. O-O Qe8 10. e4 Na6 11. Qc2 Qh5 12. d4 fxe4 13. Nxe4 Bf5 14. Nxf6 Bxf6 15.
Qb3 exd4 16. Qxb7 Nc5 17. Qb4 Be4 18. Ne1 Rab8 19. Qa3 Bxg2 20. Nxg2 Qe2 21.
Bb4 Qxc4 22. Bxc5 Qxc5 23. Qxc5 dxc5 24. Rac1 Rxb2 25. Rxc5 Rc8 26. a4 Rb4 27.
a5 Rb5 28. Rfc1 Rxc5 29. Rxc5 d3 30. Kf1 Kg8 31. Nf4 Rd8 32. Ke1 Bd4 33. Rxc6
Bxf2+ 34. Kd1 Be3 35. Ng2 Bg1 36. h3 Rd5 37. a6 Ra5 38. Nf4 Bb6 39. Nxd3 Rxa6
40. Ne5 Ra1+ 41. Ke2 g6 42. g4 Ra3 43. Nd3 Kg7 44. h4 Ra4 45. Kf3 Rd4 46. Ne5
Rd5 47. Ke4 Rd4+ 48. Kf3 Rd5 49. Ke4 Rc5 50. Re6 Rc7 51. h5 gxh5 1/2-1/2

[Event "4NCL/Div4/PONTY vs. MET"]
[Site "West Bromwich ENG"]
[Date "2004.01.25"]
[Round "4.2"]
[White "Dunn, Alan"]
[Black "James, Dai"]
[Result "1/2-1/2"]
[WhiteElo "2095"]
[BlackElo "2024"]
[PlyCount "83"]
[EventDate "2004.01.25"]

1. e4 e6 2. d4 d5 3. Nc3 dxe4 4. Nxe4 Nd7 5. Nf3 Ngf6 6. Bg5 Be7 7. Nxf6+ Bxf6
8. Bxf6 Nxf6 9. Bd3 c5 10. dxc5 Qa5+ 11. Qd2 Qxc5 12. O-O O-O 13. Rfe1 Bd7 14.
Re5 Qc7 15. Rg5 g6 16. Ne5 Bc6 17. Qf4 Nd5 18. Qg4 f6 19. Qxe6+ Kg7 20. Rxg6+
hxg6 21. Nxg6 Rfe8 22. Qg4 Kf7 23. Qh5 Kg7 24. Nh4 Rh8 25. Qg4+ Kf7 26. Bc4 Qe5
27. Qg6+ Ke6 28. Qg4+ f5 29. Qg6+ Kd7 30. Bxd5 Bxd5 31. Nf3 Qd6 32. Qxf5+ Kc6
33. c4 Qh6 34. Rd1 Bxf3 35. Qxf3+ Kc7 36. Qf7+ Kb6 37. Rd7 Qc6 38. Re7 Rhf8 39.
c5+ Ka5 40. Qc4 Qb5 41. Qc3+ Qb4 42. Qe3 1/2-1/2

[Event "4NCL/Div4/PONTY vs. MET"]
[Site "West Bromwich ENG"]
[Date "2004.01.25"]
[Round "4.3"]
[White "Jones, Derek C"]
[Black "Calvert, D Ian"]
[Result "0-1"]
[WhiteElo "1944"]
[BlackElo "2035"]
[PlyCount "130"]
[EventDate "2004.01.25"]

1. c4 c6 2. Nf3 d5 3. b3 Nf6 4. g3 g6 5. Bg2 Bg7 6. Bb2 O-O 7. O-O Nbd7 8. d4
Ne4 9. Nbd2 Ndf6 10. h3 b6 11. Rc1 Bb7 12. Qc2 Rc8 13. Rfd1 e6 14. Ne5 Nxd2 15.
Qxd2 Nd7 16. Ng4 h5 17. Nh2 Qe7 18. Rc2 Nf6 19. Qc1 Rfd8 20. Ba3 Qe8 21. Qf4
Ba8 22. g4 hxg4 23. hxg4 dxc4 24. g5 Nh5 25. Qh4 c5 26. Bxa8 Rxa8 27. Ng4 Rxd4
28. Rxd4 cxd4 29. Rxc4 Qd8 30. Nf6+ Bxf6 31. gxf6 Qxf6 32. Qxf6 Nxf6 33. Rxd4
Rc8 34. Rf4 Nd5 35. Ra4 a5 36. e4 Nc3 37. Rc4 Rxc4 38. bxc4 Nxe4 39. Be7 Nd2
40. c5 bxc5 41. Bxc5 Kg7 42. a4 e5 43. Be7 f5 44. Bd8 Nc4 45. Kf1 Kf7 46. Ke2
Ke6 47. Kd3 Nb2+ 48. Ke2 Nxa4 49. Bxa5 Nc5 50. Bd8 Ne4 51. Ke3 Nf6 52. Ke2 g5
53. Ba5 e4 54. Bd2 f4 55. Ba5 Kf5 56. Kf1 Kg4 57. Kg2 Nd5 58. Bd8 e3 59. fxe3
Nxe3+ 60. Kf2 Kf5 61. Be7 g4 62. Bh4 Ke4 63. Ke2 Nf5 64. Be1 g3 65. Ba5 Ne3 0-1

[Event "4NCL/Div4/PONTY vs. MET"]
[Site "West Bromwich ENG"]
[Date "2004.01.25"]
[Round "4.4"]
[White "Djabri, Zafer M"]
[Black "Davies, Peter L"]
[Result "1-0"]
[WhiteElo "2036"]
[BlackElo "2018"]
[PlyCount "71"]
[EventDate "2004.01.25"]

1. c4 g6 2. Nc3 Bg7 3. g3 e5 4. Bg2 d6 5. e4 Nc6 6. Nge2 Nge7 7. O-O O-O 8. d3
Nd4 9. Nxd4 exd4 10. Ne2 a5 11. Rb1 c5 12. a3 a4 13. b4 axb3 14. Qxb3 Nc6 15.
Nf4 Bd7 16. Nd5 Be6 17. Nb6 Ra6 18. f4 f5 19. exf5 Bxf5 20. Nd5 Na5 21. Qc2 Re8
22. Bd2 Nc6 23. Rxb7 Rxa3 24. Rb3 Rxb3 25. Qxb3 Re2 26. Rf2 Re8 27. Bf3 h5 28.
Qb7 Ne7 29. Ba5 Qxa5 30. Nxe7+ Kh7 31. Nxf5 gxf5 32. Qf7 Qe1+ 33. Kg2 Kh8 34.
Qxh5+ Kg8 35. Bd5+ Re6 36. Qe8+ 1-0

[Event "4NCL/Div4/PONTY vs. MET"]
[Site "West Bromwich ENG"]
[Date "2004.01.25"]
[Round "4.5"]
[White "Evans, John S"]
[Black "Dickson, George"]
[Result "0-1"]
[WhiteElo "1904"]
[BlackElo "1928"]
[PlyCount "48"]
[EventDate "2004.01.25"]

1. Nf3 f5 2. c4 Nf6 3. Nc3 g6 4. b4 e6 5. a3 a5 6. b5 Bg7 7. Bb2 O-O 8. e3 d6
9. Be2 e5 10. O-O h6 11. d4 e4 12. Nd2 Be6 13. Qc2 Nbd7 14. Rac1 Qe7 15. Nd5
Bxd5 16. cxd5 Nxd5 17. Qb3 Qf7 18. f3 a4 19. Qc4 N7b6 20. Qa2 Nxe3 21. Qxf7+
Rxf7 22. Rfe1 d5 23. Kf2 h5 24. Kxe3 f4+ 0-1

[Event "4NCL/Div4/PONTY vs. MET"]
[Site "West Bromwich ENG"]
[Date "2004.01.25"]
[Round "4.6"]
[White "McGuiness, Andrew E"]
[Black "Thomas, Roy"]
[Result "1-0"]
[WhiteElo "1776"]
[BlackElo "1734"]
[PlyCount "63"]
[EventDate "2004.01.25"]

1. e4 c5 2. Nc3 d6 3. g3 Nc6 4. Bg2 e5 5. Nge2 Bg4 6. h3 Bh5 7. g4 Bg6 8. d3
Nge7 9. f4 f6 10. f5 Bf7 11. O-O g5 12. Ng3 Qd7 13. a4 Nd4 14. Nd5 Ng8 15. Bd2
Nc6 16. c3 Be7 17. Nh5 Bxh5 18. gxh5 h6 19. Bf3 Kf7 20. Kh1 Bd8 21. Rg1 Nge7
22. Bg4 Nxd5 23. exd5 Ne7 24. Qf3 Bc7 25. h4 Rag8 26. Bh3 Qe8 27. hxg5 hxg5 28.
Bxg5 Rxg5 29. Rxg5 fxg5 30. f6 Ng8 31. Be6+ Kf8 32. f7 1-0

[Event "4NCL/Div4/NLIB2 vs. OXF2"]
[Site "West Bromwich ENG"]
[Date "2004.01.25"]
[Round "4.1"]
[White "Young, Alan"]
[Black "Burt, Will"]
[Result "1-0"]
[WhiteElo "2027"]
[BlackElo "1928"]
[PlyCount "71"]
[EventDate "2004.01.25"]

1. e4 e5 2. Nf3 Nc6 3. Bb5 f5 4. d4 fxe4 5. Nxe5 Nf6 6. Bg5 a6 7. Ba4 Nxe5 8.
dxe5 c6 9. exf6 Qa5+ 10. Bd2 Qxa4 11. fxg7 Bxg7 12. Qh5+ Ke7 13. Nc3 Qxc2 14.
Bg5+ Bf6 15. O-O d5 16. Rac1 Qxb2 17. Bxf6+ Kxf6 18. Qh6+ Kf7 19. f3 e3 20.
Qf4+ Kg6 21. Qxe3 Rg8 22. Rf2 Qa3 23. h4 h6 24. Re1 Bf5 25. h5+ Kh7 26. Qe5
Raf8 27. Rfe2 Qc5+ 28. Kh1 Rg7 29. g4 Bc8 30. Ne4 Qa3 31. Nf6+ Kh8 32. Qf4 Rg5
33. Re7 Bf5 34. Qxf5 Rg7 35. Qh7+ Rxh7 36. Rxh7# 1-0

[Event "4NCL/Div4/NLIB2 vs. OXF2"]
[Site "West Bromwich ENG"]
[Date "2004.01.25"]
[Round "4.2"]
[White "Starkie, Ray"]
[Black "Ralphs, Nigel"]
[Result "1/2-1/2"]
[WhiteElo "1976"]
[BlackElo "2001"]
[PlyCount "70"]
[EventDate "2004.01.25"]

1. Nc3 d5 2. d4 e6 3. Nf3 Nf6 4. Bg5 Be7 5. Bxf6 Bxf6 6. e4 O-O 7. e5 Be7 8.
Bd3 c5 9. h4 h6 10. dxc5 f6 11. exf6 Bxf6 12. Qe2 Nc6 13. O-O-O Bxc3 14. bxc3
Qf6 15. Qe3 e5 16. Bb5 e4 17. Nd4 Bg4 18. f3 exf3 19. Nxf3 Rae8 20. Qd3 Bxf3
21. Qxf3 Qxf3 22. gxf3 Rxf3 23. Rxd5 Rxc3 24. Kb2 Rce3 25. Rg1 R3e5 26. Rd7
R8e7 27. Bc4+ Kh8 28. Rd5 Rxd5 29. Bxd5 Re5 30. Rd1 g5 31. hxg5 hxg5 32. c4 g4
33. Rg1 Rg5 34. Rg3 Kg7 35. Bf3 Rxc5 1/2-1/2

[Event "4NCL/Div4/NLIB2 vs. OXF2"]
[Site "West Bromwich ENG"]
[Date "2004.01.25"]
[Round "4.3"]
[White "Sinnett, Glyn"]
[Black "Duggan, Chris"]
[Result "1/2-1/2"]
[WhiteElo "1939"]
[BlackElo "1848"]
[PlyCount "74"]
[EventDate "2004.01.25"]

1. d4 e6 2. c4 b6 3. Nc3 Bb7 4. a3 f5 5. Nf3 Nf6 6. e3 Be7 7. Bd3 O-O 8. Qe2
Ne4 9. O-O Bf6 10. Nd2 Nxd2 11. Bxd2 c5 12. dxc5 bxc5 13. e4 Nc6 14. exf5 Nd4
15. Qh5 exf5 16. Rab1 g6 17. Qh3 Nb3 18. Bh6 Re8 19. Nd5 Bg7 20. Bxg7 Kxg7 21.
Bxf5 Bxd5 22. cxd5 Qf6 23. Bxd7 Re7 24. Qxb3 Rxd7 25. Rfe1 Rad8 26. Rbd1 Rf8
27. Qc3 Qxc3 28. bxc3 Rf4 29. Rd3 Ra4 30. Ra1 Kf6 31. Kf1 Ke5 32. Ke2 Rxd5 33.
Rxd5+ Kxd5 34. Kd3 Rg4 35. g3 Ra4 36. f4 h5 37. Ra2 h4 1/2-1/2

[Event "4NCL/Div4/NLIB2 vs. OXF2"]
[Site "West Bromwich ENG"]
[Date "2004.01.25"]
[Round "4.4"]
[White "Bruce, Dave"]
[Black "St.Clair, Allan"]
[Result "1-0"]
[WhiteElo "1920"]
[BlackElo "1874"]
[PlyCount "53"]
[EventDate "2004.01.25"]

1. e4 d5 2. exd5 Qxd5 3. Nc3 Qa5 4. Bc4 Bf5 5. Nf3 e6 6. O-O Nf6 7. d4 c6 8.
Bd2 Nbd7 9. Qe2 Qc7 10. Ne5 Nxe5 11. dxe5 Nd5 12. Nxd5 exd5 13. Bd3 Bxd3 14.
cxd3 Bc5 15. Rac1 Bd4 16. Bb4 Qd7 17. Kh1 Bb6 18. f4 g6 19. a4 Bd8 20. f5 gxf5
21. Qh5 Be7 22. e6 Qc7 23. exf7+ Kd8 24. Bxe7+ Qxe7 25. Rce1 Qd7 26. Qg5+ Kc8
27. Re7 1-0

[Event "4NCL/Div4/NLIB2 vs. OXF2"]
[Site "West Bromwich ENG"]
[Date "2004.01.25"]
[Round "4.5"]
[White "Harley-Yeo, Gareth"]
[Black "Webster, Ian"]
[Result "0-1"]
[WhiteElo "1749"]
[BlackElo "1856"]
[PlyCount "84"]
[EventDate "2004.01.25"]

1. d4 Nf6 2. c4 Nc6 3. Nc3 e5 4. d5 Ne7 5. Bg5 Ng6 6. a3 Bc5 7. e3 d6 8. Bd3 h6
9. Bxf6 Qxf6 10. Ne4 Qe7 11. Nxc5 dxc5 12. Bxg6 fxg6 13. Ne2 O-O 14. Ng3 e4 15.
O-O Bf5 16. Qb3 b6 17. Rfd1 Rad8 18. h3 Rd6 19. Ne2 Qh4 20. Rf1 g5 21. Ng3 g4
22. hxg4 Bxg4 23. Nxe4 Rg6 24. Ng3 Bf3 25. e4 Bxe4 26. Nxe4 Qxe4 27. f3 Qd4+
28. Rf2 Rf4 29. Re1 Rh4 30. Qe3 Qxc4 31. Qe8+ Kh7 32. Qe5 c6 33. dxc6 Rxc6 34.
g3 Rg6 35. Kg2 Rg5 36. Qe3 Qd5 37. Rd2 Qc6 38. Qd3+ Rg6 39. Qf5 Rhg4 40. Qe5
R6g5 41. Qb8 Rxg3+ 42. Qxg3 Qg6 0-1

[Event "4NCL/Div4/NLIB2 vs. OXF2"]
[Site "West Bromwich ENG"]
[Date "2004.01.25"]
[Round "4.6"]
[White "Ludbrook, Matt"]
[Black "Jury, Rachel"]
[Result "1-0"]
[WhiteElo "1816"]
[BlackElo "1250"]
[PlyCount "45"]
[EventDate "2004.01.25"]

1. e4 e5 2. Nf3 Nc6 3. Bb5 a6 4. Ba4 Nf6 5. O-O Bc5 6. c3 d5 7. Nxe5 b5 8. Nxc6
Qd6 9. e5 Qxc6 10. Bc2 Nd7 11. d4 Be7 12. a3 f6 13. Qh5+ Kd8 14. f4 Rf8 15.
Qxh7 Qc4 16. Nd2 Qe2 17. Nf3 Nc5 18. Rf2 Qc4 19. Nd2 Bf5 20. Qxf5 fxe5 21.
Qxf8+ Bxf8 22. Nxc4 dxc4 23. fxe5 1-0

[Event "4NCL/Div4/SXM vs. HKF3"]
[Site "West Bromwich ENG"]
[Date "2004.01.25"]
[Round "4.1"]
[White "Norton, Trevor"]
[Black "Greatorex, Roger"]
[Result "1/2-1/2"]
[WhiteElo "1904"]
[BlackElo "1696"]
[PlyCount "66"]
[EventDate "2004.01.25"]

1. e4 e5 2. Nf3 Nc6 3. Bb5 a6 4. Ba4 Nf6 5. O-O Nxe4 6. Re1 d5 7. Nxe5 Bd6 8.
Nf3 O-O 9. d3 Nc5 10. Bxc6 bxc6 11. Bg5 Qd7 12. Nbd2 Ne6 13. Nb3 Nf4 14. d4
Nxg2 15. Kxg2 Qh3+ 16. Kh1 Bg4 17. Nbd2 Bxh2 18. Nxh2 Bxd1 19. Raxd1 Qf5 20.
Rg1 Kh8 21. Rg2 f6 22. Be3 Qxc2 23. Rdg1 Rf7 24. Nb3 Qxb2 25. Nc5 Re8 26. Nxa6
Qxa2 27. Nc5 Rb8 28. Nf3 Qe2 29. Rg3 Re7 30. Re1 Qc2 31. Rc1 Qb2 32. Rcg1 Qe2
33. Re1 Qc2 1/2-1/2

[Event "4NCL/Div4/SXM vs. HKF3"]
[Site "West Bromwich ENG"]
[Date "2004.01.25"]
[Round "4.2"]
[White "Dawson, Alistair G"]
[Black "Barraclough, David"]
[Result "0-1"]
[WhiteElo "1744"]
[BlackElo "1720"]
[PlyCount "127"]
[EventDate "2004.01.25"]

1. e4 d6 2. d4 Nf6 3. Nc3 g6 4. Bg5 Bg7 5. f4 c5 6. e5 Ng4 7. Bb5+ Nc6 8. dxc5
dxe5 9. Qxd8+ Kxd8 10. fxe5 Ngxe5 11. O-O-O+ Bd7 12. Nge2 Kc8 13. Nd5 f6 14.
Bf4 e6 15. Ndc3 f5 16. Rhe1 Nf7 17. Bc4 Na5 18. Bb5 Bxb5 19. Nxb5 e5 20. Bd2
Nc4 21. Bc3 a6 22. Nd6+ Nfxd6 23. cxd6 Rd8 24. Ng3 Bh6+ 25. Kb1 e4 26. Rd4 Nxd6
27. Ba5 Bg7 28. Rd5 Rd7 29. Red1 Bf8 30. c4 Rf7 31. c5 Rd7 32. cxd6 b5 33. Rc1+
Kb7 34. Rc7+ Rxc7 35. dxc7 Rc8 36. Rd8 Bc5 37. Kc2 Bg1 38. Nf1 Bf2 39. Kd2 Bh4
40. Rxc8 Kxc8 41. Ke3 Bf6 42. b3 Be5 43. Ng3 f4+ 44. Kxe4 fxg3 45. hxg3 Bxg3
46. Kd5 Bxc7 47. Bd2 Kd7 48. Bh6 Bd6 49. Bg5 h5 50. Bd2 Be7 51. b4 g5 52. Ke5
g4 53. a3 h4 54. Kf4 h3 55. gxh3 gxh3 56. Kg3 Kc6 57. Kxh3 Kd5 58. Be3 Kc4 59.
Kg4 Kb3 60. Kf5 Kxa3 61. Bc5 Bh4 62. Ke4 Be1 63. Kd3 Bxb4 64. Bd4 0-1

[Event "4NCL/Div4/SXM vs. HKF3"]
[Site "West Bromwich ENG"]
[Date "2004.01.25"]
[Round "4.3"]
[White "Fraser, Joe"]
[Black "Bullock, Andrew"]
[Result "1/2-1/2"]
[WhiteElo "1576"]
[BlackElo "1672"]
[PlyCount "45"]
[EventDate "2004.01.25"]

1. e4 c5 2. Nf3 Nc6 3. d4 cxd4 4. Nxd4 g6 5. c4 Bg7 6. Be3 Nf6 7. Nc3 O-O 8.
Be2 d6 9. f4 Qb6 10. Nxc6 Qxc6 11. Qd3 Nd7 12. Nd5 Re8 13. Bd4 Nc5 14. Qe3 e5
15. Bxc5 exf4 16. Qxf4 dxc5 17. O-O f5 18. Bf3 Be5 19. Qg5 Kg7 20. Rae1 Bf6 21.
Qg3 Be5 22. Qg5 Bf6 23. Qg3 1/2-1/2

[Event "4NCL/Div4/SXM vs. HKF3"]
[Site "West Bromwich ENG"]
[Date "2004.01.25"]
[Round "4.4"]
[White "Hogarth, Mark J"]
[Black "Snowden, James E"]
[Result "0-1"]
[WhiteElo "1744"]
[BlackElo "1584"]
[PlyCount "100"]
[EventDate "2004.01.25"]

1. e4 e5 2. Nf3 Nc6 3. Bb5 Bc5 4. c3 Nf6 5. Qe2 O-O 6. O-O Re8 7. b4 Bb6 8. d3
h6 9. Nbd2 d6 10. h3 Bd7 11. a4 a6 12. Bc4 Nh5 13. a5 Ng3 14. Qd1 Nxf1 15. Nxf1
Ba7 16. Ng3 Be6 17. Qb3 Qf6 18. Bxe6 Qxe6 19. Qc2 Ne7 20. Nh4 c5 21. b5 axb5
22. Rb1 b4 23. cxb4 cxb4 24. Rxb4 Rac8 25. Qb1 Qd7 26. Bd2 Rc7 27. Nh5 Kh7 28.
g4 Nc6 29. Rc4 Nd4 30. Rxd4 Bxd4 31. Nf5 Re6 32. Nhxg7 Rg6 33. Nh5 d5 34. Kg2
dxe4 35. dxe4 Bxf2 36. Qd1 Bc5 37. Qe2 Bf8 38. Be3 Qc6 39. Kf3 Qc3 40. Qb5 Bc5
41. Qe8 Bxe3 42. Nxe3 Qxa5 43. Qd8 Qb6 44. Qe8 Qe6 45. Qb8 Qc8 46. Qa7 Ra6 47.
Nf6+ Rxf6+ 48. Kg2 Rc2+ 49. Kg3 Qc3 50. Kh4 Rh2 0-1

[Event "4NCL/Div4/SXM vs. HKF3"]
[Site "West Bromwich ENG"]
[Date "2004.01.25"]
[Round "4.5"]
[White "Eichner, Daniel"]
[Black "Parmar, Amisha"]
[Result "1/2-1/2"]
[WhiteElo "1544"]
[BlackElo "1384"]
[PlyCount "127"]
[EventDate "2004.01.25"]

1. e4 c5 2. Nf3 d6 3. d4 cxd4 4. Nxd4 Nf6 5. Nc3 g6 6. f4 Nbd7 7. Bb5 a6 8.
Bxd7+ Nxd7 9. Qe2 Bg7 10. Nf3 O-O 11. O-O b5 12. e5 dxe5 13. Nxe5 Nxe5 14. fxe5
Qd4+ 15. Kh1 Qxe5 16. Qxe5 Bxe5 17. Nd5 e6 18. Re1 Bg7 19. Ne7+ Kh8 20. Nxc8
Raxc8 21. c3 Rfd8 22. Bg5 Rd5 23. Be7 Rd2 24. Rab1 Rc7 25. Red1 Rxd1+ 26. Rxd1
Rxe7 27. Rd8+ Bf8 28. Rxf8+ Kg7 29. Rd8 e5 30. Kg1 Re6 31. Kf2 Kf6 32. Rd7 Rc6
33. Ke3 Ke6 34. Rd2 Rd6 35. Rc2 Rd1 36. c4 Re1+ 37. Kf2 Re4 38. cxb5 axb5 39.
Rc5 Rb4 40. b3 Rd4 41. Rxb5 Rd2+ 42. Kf3 Rxa2 43. b4 Ra7 44. Rb6+ Kd5 45. b5 f5
46. Rb8 Ra3+ 47. Ke2 Rb3 48. b6 Kc6 49. Rc8+ Kb7 50. Rc7+ Kxb6 51. Rxh7 Kc5 52.
Rh6 Rb2+ 53. Kf1 Rb6 54. h4 e4 55. h5 gxh5 56. Rxh5 Rf6 57. g4 Kd4 58. gxf5 Ke5
59. Ke2 Kd4 60. Rg5 Ke5 61. Ke3 Rxf5 62. Rg3 Rh5 63. Rg8 Rh3+ 64. Ke2 1/2-1/2

[Event "4NCL/Div4/SXM vs. HKF3"]
[Site "West Bromwich ENG"]
[Date "2004.01.25"]
[Round "4.6"]
[White "Parmar, Jyoti"]
[Black "Richardson, Joe"]
[Result "0-1"]
[WhiteElo "928"]
[BlackElo "1536"]
[PlyCount "52"]
[EventDate "2004.01.25"]

1. e4 e5 2. Nf3 Nc6 3. Bc4 Bc5 4. c3 Nf6 5. d4 exd4 6. cxd4 Bb4+ 7. Nc3 Nxe4 8.
Qd3 Bxc3+ 9. bxc3 d5 10. Bb5 O-O 11. O-O Bf5 12. Qe3 Re8 13. Ne5 Qf6 14. f3 Nd6
15. Bxc6 bxc6 16. Qf4 Nb5 17. Bd2 c5 18. Rab1 Bxb1 19. Qxf6 gxf6 20. Rxb1 Na3
21. Rb3 fxe5 22. Rxa3 cxd4 23. cxd4 exd4 24. Rd3 c5 25. Rb3 c4 26. Rb5 c3 0-1

[Event "4NCL/Div4/BCA vs. AD3"]
[Site "West Bromwich ENG"]
[Date "2004.01.25"]
[Round "4.1"]
[White "Mordue, A Tyson"]
[Black "Pohribnyj, Chris"]
[Result "1-0"]
[WhiteElo "2284"]
[BlackElo "1592"]
[PlyCount "91"]
[EventDate "2004.01.25"]

1. e4 c5 2. Nf3 d6 3. d4 cxd4 4. Nxd4 Nf6 5. Nc3 g6 6. Be3 Bg7 7. f3 O-O 8. Qd2
Nc6 9. Bc4 Bd7 10. O-O Ne5 11. Bb3 Rc8 12. Nde2 b6 13. Nf4 Nc4 14. Bxc4 Rxc4
15. Rab1 Re8 16. Ncd5 Nxd5 17. Nxd5 Qc8 18. c3 Be6 19. Rfe1 Bxd5 20. exd5 Qa6
21. a3 b5 22. Re2 e5 23. dxe6 fxe6 24. Rbe1 d5 25. Bf2 Rc7 26. Bg3 Rce7 27. Be5
Bxe5 28. Rxe5 Qb6+ 29. Kh1 Kg7 30. h3 a5 31. R1e3 Kf6 32. f4 Qc6 33. Rd3 Rd8
34. Rd4 Red7 35. Qe1 Re8 36. Qg3 h6 37. h4 Rg7 38. Qe3 Rge7 39. h5 gxh5 40.
Rxh5 Kg7 41. Qe5+ Kg6 42. Rd3 Rh7 43. f5+ Kf7 44. fxe6+ Qxe6 45. Rf5+ Ke7 46.
Qc7+ 1-0

[Event "4NCL/Div4/BCA vs. AD3"]
[Site "West Bromwich ENG"]
[Date "2004.01.25"]
[Round "4.2"]
[White "Pready, Alex"]
[Black "Ross, Chris"]
[Result "0-1"]
[WhiteElo "1664"]
[BlackElo "2133"]
[PlyCount "162"]
[EventDate "2004.01.25"]

1. e4 c5 2. Nf3 e6 3. d4 cxd4 4. Nxd4 a6 5. Nc3 b5 6. a3 Bb7 7. Be2 Qc7 8. O-O
Nf6 9. Bf3 Nc6 10. Nxc6 Bxc6 11. g3 Be7 12. Bg2 O-O 13. Qe2 d6 14. Bg5 h6 15.
Bd2 Rad8 16. Rad1 Qb7 17. Rfe1 Rfe8 18. Na2 e5 19. Nb4 Bd7 20. Nd5 Nxd5 21.
exd5 Rc8 22. Bc1 f5 23. c3 Rf8 24. f4 e4 25. Be3 Be8 26. Rd2 Bf7 27. Red1 Bd8
28. Qf2 Bh5 29. Re1 Be7 30. h3 Kh8 31. Kh2 Bf6 32. Bd4 Bxd4 33. Rxd4 Rc5 34. g4
fxg4 35. Bxe4 Qf7 36. Bg2 Rc4 37. Rxc4 bxc4 38. Re6 Qf5 39. Qd4 gxh3 40. Bxh3
Qc2+ 41. Kg3 Qd3+ 42. Re3 Qg6+ 43. Kh2 Rb8 44. Qd2 Qb1 45. Re1 Qd3 46. Qf2 Qxd5
47. Bg2 Qf7 48. Re4 Bg4 49. Qd2 Bf5 50. Rd4 Qh5+ 51. Kg1 Bd3 52. Rd5 Qg4 53.
Rxd6 Re8 54. Rxd3 cxd3 55. Qxd3 Re1+ 56. Kh2 Qh4+ 57. Qh3 Qxf4+ 58. Qg3 Qd2 59.
Qb8+ Kh7 60. Qg3 Qg5 61. Qf3 Re3 62. Qf2 Qe5+ 63. Kg1 Re2 64. Qf3 h5 65. Qd3+
Kh6 66. Qxa6+ g6 67. Qd3 Rxb2 68. Qd4 Rb1+ 69. Kf2 Qf5+ 70. Bf3 Rb2+ 71. Ke3
Qg5+ 72. Qf4 Rb3 73. Qxg5+ Kxg5 74. Kd4 Rxa3 75. Bd5 h4 76. c4 Kf4 77. Bf7 g5
78. Kc5 h3 79. Kb4 Ra7 80. Bd5 g4 81. c5 g3 0-1

[Event "4NCL/Div4/BCA vs. AD3"]
[Site "West Bromwich ENG"]
[Date "2004.01.25"]
[Round "4.3"]
[White "Burnell, Steve"]
[Black "Beasley, Stephen"]
[Result "0-1"]
[WhiteElo "1840"]
[BlackElo "1568"]
[PlyCount "36"]
[EventDate "2004.01.25"]

1. d4 g6 2. c4 Bg7 3. Nc3 Nf6 4. e4 d6 5. Be2 Nbd7 6. Bg5 O-O 7. Qd2 e5 8. d5
Nc5 9. f3 a5 10. h4 h5 11. Nh3 Bxh3 12. Rxh3 Qd7 13. Kf2 c6 14. Rd1 cxd5 15.
Bxf6 Bxf6 16. Nxd5 Qd8 17. Nxf6+ Qxf6 18. Qxd6 Nxe4+ 0-1

[Event "4NCL/Div4/BCA vs. AD3"]
[Site "West Bromwich ENG"]
[Date "2004.01.25"]
[Round "4.4"]
[White "Graham, Louis"]
[Black "Gallagher, John"]
[Result "1/2-1/2"]
[WhiteElo "1560"]
[BlackElo "1600"]
[PlyCount "45"]
[EventDate "2004.01.25"]

1. d4 Nf6 2. Nf3 g6 3. Bf4 Bg7 4. e3 c5 5. c4 O-O 6. Nc3 d6 7. Be2 Bg4 8. O-O
Nc6 9. d5 Nb4 10. a3 Na6 11. Rc1 Nc7 12. h3 Bd7 13. b4 b6 14. e4 Nce8 15. b5 a6
16. a4 axb5 17. axb5 Ra3 18. Qd2 Qa8 19. Qc2 Qa5 20. Bd2 Qa7 21. Rfe1 Nc7 22.
Bd3 e5 23. Bg5 1/2-1/2

[Event "4NCL/Div4/BCA vs. AD3"]
[Site "West Bromwich ENG"]
[Date "2004.01.25"]
[Round "4.5"]
[White "Hodgkins, David W"]
[Black "Somerfield, Adrian"]
[Result "1/2-1/2"]
[WhiteElo "1496"]
[BlackElo "1480"]
[PlyCount "55"]
[EventDate "2004.01.25"]

1. e4 c6 2. d4 d5 3. Nc3 dxe4 4. Nxe4 Bf5 5. Ng3 Bg6 6. Nf3 Nf6 7. Bd3 Bxd3 8.
Qxd3 Nbd7 9. c4 e6 10. Bf4 Qa5+ 11. Bd2 Qc7 12. c5 Be7 13. O-O O-O 14. Rfe1
Rfd8 15. Qc2 Nd5 16. Ng5 Bxg5 17. Bxg5 N7f6 18. Rad1 h6 19. Bd2 a5 20. a3 a4
21. h3 Qd7 22. Bc3 Nc7 23. Ne4 Nxe4 24. Qxe4 Nb5 25. Qe2 Qd5 26. Qe5 Nxc3 27.
bxc3 Rab8 28. Rb1 1/2-1/2